Normal view
MARC view
- Luo, Guanzhong,
Entry Personal Name
001 - CONTROL NUMBER
- control field: 14224
003 - CONTROL NUMBER IDENTIFIER
- control field: NUST
005 - DATE AND TIME OF LATEST TRANSACTION
- control field: 20190427093642.0
008 - FIXED-LENGTH DATA ELEMENTS
- fixed length control field: 190427|| aca||aabn | a|a d
040 ## - CATALOGING SOURCE
- Original cataloging agency: NUST
- Transcribing agency: NUST
100 ## - HEADING--PERSONAL NAME
- Personal name: Luo, Guanzhong,
- Dates associated with a name: approximately 1330-approximately 1400,
- Relator term: author.
670 ## - SOURCE DATA FOUND
- Source citation: Work cat.: (NUST)0: Luo, Guanzhong, approximately 1330-approximately 1400, author., The romance of the three kingdoms /
